000 00275 a2200109 4500
001 64522
082 _a005.133 SCH
090 _c38150
_d38150
100 _aSchildt, Herbert
245 _aWindows 95 Programming in C and C++
260 _aBerkely CA
_bMc Graw Hill, CA
_c1995
942 _aNUST-CAE
_k005.133 SCH
999 _c299595
_d299595